| 000 | 00364nam a2200157Ia 4500 | ||
|---|---|---|---|
| 005 | 20240823065848.0 | ||
| 008 | 240823s9999||||xx |||||||||||||| ||und|| | ||
| 041 | _aENGLISH | ||
| 082 | _A510 Q7 | ||
| 100 | _a"Sudha,M" | ||
| 245 | 2 | _aA Study on Graceful Labeling | |
| 260 | _c2017 | ||
| 500 | _aYES | ||
| 650 |
_aGraceful Labeling _bMathematics |
||
| 942 | _cTH | ||
| 999 |
_c244373 _d244373 |
||